Countries With the Largest Police Forces - Statistics

General Stats
  • This quiz has been taken 97 times
  • The average score is 22 of 30
Answer Stats
# of Police Country % Correct
913,161 United States of America
100%
1,600,000 China
96%
129,584 United Kingdom
95%
756,859 Russia
94%
220,000 France
90%
1,585,353 India
90%
470,676 Mexico
86%
276,750 Italy
84%
436,514 Brazil
83%
243,625 Germany
83%
249,907 Spain
83%
251,939 Japan
82%
579,000 Indonesia
79%
99,060 South Korea
78%
412,624 Turkey
78%
244,683 Argentina
75%
354,221 Pakistan
73%
152,000 Ukraine
73%
230,000 Thailand
71%
350,000 Nigeria
70%
156,489 South Africa
70%
150,000 Colombia
69%
100,000 Poland
69%
102,000 Malaysia
62%
155,800 Bangladesh
61%
104,000 Peru
61%
170,000 Philippines
60%
160,000 Algeria
51%
95,000 Kenya
47%
136,990 Belarus
29%
No matching quizzes found
Score Distribution
Percent of People with Each Score
Percentile by Number Answered
Your Score History
You have not taken this quiz